Performing religiously between passion and resistance
| Main Author: | |
|---|---|
| Format: | Electronic Article |
| Language: | English |
| Check availability: | HBZ Gateway |
| Interlibrary Loan: | Interlibrary Loan for the Fachinformationsdienste (Specialized Information Services in Germany) |
| Published: |
2012
|
| In: |
The journal for cultural and religious theory
Year: 2012, Volume: 12, Issue: 2, Pages: 69-84 |
| Further subjects: | B
Performative (Philosophy)
B Bell, Catherine M, 1953-2008 B Education; Philosophy B Difference (Philosophy) B Shaffer, Peter, 1926-2016 B Methodology B Practice (Philosophy) B Religion and drama B Derrida, Jacques, 1930-2004 B Emotions B Knowledge, Theory of (Religion) B Religions (Study and teaching) |
| Online Access: |
Volltext (kostenfrei) |
MARC
| LEADER | 00000naa a22000002c 4500 | ||
|---|---|---|---|
| 001 | 1930508131 | ||
| 003 | DE-627 | ||
| 005 | 20250715111326.0 | ||
| 007 | cr uuu---uuuuu | ||
| 008 | 250715s2012 xx |||||o 00| ||eng c | ||
| 035 | |a (DE-627)1930508131 | ||
| 035 | |a (DE-599)KXP1930508131 | ||
| 040 | |a DE-627 |b ger |c DE-627 |e rda | ||
| 041 | |a eng | ||
| 084 | |a 0 |a 1 |2 ssgn | ||
| 100 | 1 | |e VerfasserIn |0 (DE-588)1016240775 |0 (DE-627)705502708 |0 (DE-576)348133324 |4 aut |a Robert, William |d 1974- | |
| 109 | |a Robert, William 1974- | ||
| 245 | 1 | 0 | |a Performing religiously between passion and resistance |
| 264 | 1 | |c 2012 | |
| 336 | |a Text |b txt |2 rdacontent | ||
| 337 | |a Computermedien |b c |2 rdamedia | ||
| 338 | |a Online-Ressource |b cr |2 rdacarrier | ||
| 601 | |a Performance | ||
| 601 | |a Passion | ||
| 650 | 4 | |a Bell, Catherine M, 1953-2008 | |
| 650 | 4 | |a Derrida, Jacques, 1930-2004 | |
| 650 | 4 | |a Difference (Philosophy) | |
| 650 | 4 | |a Education; Philosophy | |
| 650 | 4 | |a Emotions | |
| 650 | 4 | |a Knowledge, Theory of (Religion) | |
| 650 | 4 | |a Methodology | |
| 650 | 4 | |a Performative (Philosophy) | |
| 650 | 4 | |a Practice (Philosophy) | |
| 650 | 4 | |a Religion and drama | |
| 650 | 4 | |a Religions (Study and teaching) | |
| 650 | 4 | |a Shaffer, Peter, 1926-2016 | |
| 773 | 0 | 8 | |i Enthalten in |t The journal for cultural and religious theory |d [Erscheinungsort nicht ermittelbar] : [Verlag nicht ermittelbar], 1999 |g 12(2012), 2, Seite 69-84 |h Online-Ressource |w (DE-627)363739386 |w (DE-600)2103588-X |w (DE-576)281221111 |x 1530-5228 |7 nnas |
| 773 | 1 | 8 | |g volume:12 |g year:2012 |g number:2 |g pages:69-84 |
| 856 | 4 | 0 | |u https://jcrt.org/archives/12.2/robert.pdf |q application/pdf |x Verlag |z kostenfrei |7 0 |
| 951 | |a AR | ||
| ELC | |a 1 | ||
| LOK | |0 000 xxxxxcx a22 zn 4500 | ||
| LOK | |0 001 4746355886 | ||
| LOK | |0 003 DE-627 | ||
| LOK | |0 004 1930508131 | ||
| LOK | |0 005 20250715111059 | ||
| LOK | |0 008 250715||||||||||||||||ger||||||| | ||
| LOK | |0 040 |a DE-Tue135 |c DE-627 |d DE-Tue135 | ||
| LOK | |0 092 |o n | ||
| LOK | |0 852 |a DE-Tue135 | ||
| LOK | |0 852 1 |9 00 | ||
| LOK | |0 935 |a ixzs |a ixzo |a ixrk | ||
| LOK | |0 939 |a 15-07-25 |b l01 | ||
| OAS | |a 1 | ||
| ORI | |a SA-MARC-ixtheoa001.raw | ||
| REF | |a Religionstheorie | ||
| REL | |a 1 | ||
| SUB | |a REL | ||



